000 00358nam a2200133Ia 4500
008 151001s9999||||xx |||||||||||||| ||und||
100 _aउषा यादव
245 _aसोना की ऑखे
250 _a1
260 _bनशनल बुक ट्रस्ट मुंबई
260 _c2002
300 _a59
365 _b21
999 _c982495
_d982492